Open Data Biblioteca Nacional de Portugal


República Portuguesa: Ministério da Cultura
Biblioteca Nacional de Portugal

Catálogo da BNP: acesso por Identificadores Unívocos
Registos Bibliográficos associados ao registo de autoridade

Etiqueta de registo: 00000nam 2200025 450
001 2285458
003 http://id.bnportugal.gov.pt/bib/catbnp/2285458
010 ## $a972-577-201-6
021 ## $aPT$b559211/26
100 ## $a20260429d2026 m y0pory01030103ba
101 1# $apor$cspa
102 ## $aPT
105 ## $aa z 000yy
106 ## $ar
200 1# $aSanta Jacinta Marto$fAntonio Corredor García$gtrad. e adapt. João Santos
205 ## $a11ª ed
210 #9 $aVila de Cucujães$cMissões,$d2026
215 ## $a35 p.$cil.$d18 cm
225 2# $aBreves biografias ilustradas$v25
304 ## $aTít. orig.: Jacinta Marto
600 #1 $aMarto,$bJacinta,$cSanta,$f1910-1920$j[Biografias]$2SIPOR$32000867
675 ## $a272-36Marto, Jacinta, Santa$vBN$zpor$31694987
700 #1 $aCorredor García,$bAntónio,$cO.F.M.,$f1913-2003$3107213
702 #1 $92$aSantos,$bJoão$4730$31155619
801 #0 $aPT$bBN$gRPC
856 41 $uhttp://rnod.bnportugal.gov.pt/ImagesBN/winlibimg.aspx?skey=&doc=2285458&img=223483&save=true
900 ## $aBIBNAC$d20260626
966 ## $lBN$mFGMON$sR. 46589 P.$x1
966 ## $lBN$mFGMON$sR. 46589 P.-D$x1
971 ## $cisantos$d20260429
972 ## $e0$z0$d20260626$vasantos
973 ## $csteixeira$d20260617

Etiqueta de registo: 00500cam 22002051 450
001 404819
003 http://id.bnportugal.gov.pt/bib/catbnp/404819
005 19981231000000.0
095 ## $aPTBN00433127
100 ## $a19930306d1974 m y0pory0103 ba
101 0# $apor
102 ## $aPT
200 1# $aJacinta Marto$fMaria Lumi
205 ## $a7ª ed
210 #9 $aPorto$cSalesianas,$d1974
215 ## $a64 p.$cil.$d15 cm
600 #1 $aMarto,$bJacinta,$cSanta,$f1910-1920$j[Biografias]$2SIPOR$32000867
675 ## $a272-36Marto, Jacinta, Santa$vBN$zpor$31694987
700 #1 $aLumi,$bMaria,$cpseud.$326464
801 #0 $aPT$bBN$gRPC
966 ## $lBN$mFGMON$sH.G. 33295 P.
974 ## $e0$d20260617$vrsimoes
998 ## $aCR708-437

Etiqueta de registo: 00491cam 2200193 450
001 908866
003 http://id.bnportugal.gov.pt/bib/catbnp/908866
005 19990603000000.0
095 ## $aPTBN01035466
100 ## $a19990112d1966 m y0pory0103 ba
101 0# $apor
102 ## $aPT
200 1# $aJacinta Marto$fMaria Lumi
205 ## $a6ª ed
210 #9 $aPorto$cSalesianas,$d1966
215 ## $a47 p.$cil., [1] foto.$d15 cm
225 2# $aFlorinhas do céu
600 #1 $aMarto,$bJacinta,$cSanta,$f1910-1920$j[Biografias]$2SIPOR$32000867
675 ## $a272-36Marto, Jacinta, Santa$vBN$zpor$31694987
700 #1 $aLumi,$bMaria,$cpseud.$326464
801 #0 $aPT$bBN$gRPC
966 ## $lBN$mFGMON$sH.G. 32200 P.
974 ## $e0$d20260617$vrsimoes

Etiqueta de registo: 00470cam 22001931 450
001 137512
003 http://id.bnportugal.gov.pt/bib/catbnp/137512
005 19991019101200.0
095 ## $aPTBN00143180
100 ## $a19620201d1961 m y0pora0103 ba
101 0# $apor
102 ## $aPT
200 1# $aJacinta Marto$fMaria Lumi
210 #9 $aPorto$cSalesianas,$d1961
215 ## $a47 p.$d15 cm
225 2# $aFlorinhas do céu$v11
600 #1 $aMarto,$bJacinta,$cSanta,$f1910-1920$j[Biografias]$2SIPOR$32000867
675 ## $a272-36Marto, Jacinta, Santa$vBN$zpor$31694987
700 #1 $aLumi,$bMaria,$cpseud.$326464
801 #0 $aPT$bBN$gRPC
966 ## $lBN$mFGMON$sH.G. 31444 P.
974 ## $e0$d20260617$vrsimoes

Etiqueta de registo: 00000nam 2200025 450
001 2044526
003 http://id.bnportugal.gov.pt/bib/catbnp/2044526
010 ## $a972-577-201-6
021 ## $aPT$b459128/19
100 ## $a20200514d2019 m y0pory01030103ba
101 1# $apor$cspa
102 ## $aPT
105 ## $aa z 000yy
106 ## $ar
200 1# $aSanta Jacinta Marto$fAntonio Corredor García$gtrad. e adapt. João Santos
205 ## $a10ª ed
210 #9 $aVila de Cucujães$cMissões,$d2019
215 ## $a35 p.$cil.$d18 cm
225 2# $aBreves biografias ilustradas$v25
304 ## $aTít. orig.: Jacinta Marto
600 #1 $aMarto,$bJacinta,$cSanta,$f1910-1920$j[Biografias]$2SIPOR$32000867
675 ## $a272-36Marto, Jacinta, Santa$vBN$zpor$31694987
700 #1 $aCorredor García,$bAntónio,$cO.F.M.,$f1913-2003$3107213
702 #1 $92$aSantos,$bJoão$4730$31155619
801 #0 $aPT$bBN$gRPC
856 41 $uhttp://rnod.bnportugal.gov.pt/ImagesBN/winlibimg.aspx?skey=&doc=2044526&img=140331&save=true
900 ## $aBIBNAC$d20200720
966 ## $lBN$mFGMON$sR. 45430 P.$x1
966 ## $lBN$mFGMON$sR. 45430 P.-D$x1
974 ## $e0$d20260617$vrsimoes

Etiqueta de registo: 00532cam 02200205 04500
001 4917
003 http://id.bnportugal.gov.pt/bib/catbnp/4917
005 19981110202800.0
095 ## $aPTBN00005048
100 ## $a19791101d1979 m y0pora0103 ba
101 1# $aeng$cspa
102 ## $aPT
200 1# $aJacinta of Fatima$fMaria Lumi
210 #9 $aFátima$cSanctuary,$dimp. 1979
215 ## $a64 p.$cil.$d15 cm
304 ## $aTít. orig. : Jacinta Marto
600 #1 $aMarto,$bJacinta,$cSanta,$f1910-1920$j[Biografias]$2SIPOR$32000867
675 ## $a272-36Marto, Jacinta, Santa$vBN$zpor$31694987
675 ## $a92$vmed$zpor$3288142
700 #1 $aLumi,$bMaria,$cpseud.$326464
801 #0 $aPT$bBN$gRPC
966 ## $lBN$mFGMON$sH.G. 33929 P.
974 ## $e0$d20260617$vrsimoes
998 ## $aFSE09 - 00476

Etiqueta de registo: 00607cam 02200217 04500
001 4916
003 http://id.bnportugal.gov.pt/bib/catbnp/4916
005 19981110202800.0
095 ## $aPTBN00005047
100 ## $a19791101d1979 m y0pora0103 ba
101 1# $afre$cspa
102 ## $aPT
200 1# $aJacinthe de Fatima$fMaria Lumi$gtrad. et adapt. Reginald Simonin
210 #9 $aFátima$cSantuaire,$dimp. 1979
215 ## $a63 p.$cil.$d15 cm
304 ## $aTít. orig. : Jacinta Marto
600 #1 $aMarto,$bJacinta,$cSanta,$f1910-1920$j[Biografias]$2SIPOR$32000867
675 ## $a272-36Marto, Jacinta, Santa$vBN$zpor$31694987
675 ## $a92$vmed$zpor$3288142
700 #1 $aLumi,$bMaria,$cpseud.$326464
702 #1 $aSimonin,$bReginald$4730$378414
801 #0 $aPT$bBN$gRPC
966 ## $lBN$mFGMON$sH.G. 33926 P.
974 ## $e0$d20260617$vrsimoes
998 ## $aFSE09 - 00475

Etiqueta de registo: 00613cam 02200229 04500
001 4915
003 http://id.bnportugal.gov.pt/bib/catbnp/4915
005 19981110202800.0
095 ## $aPTBN00005046
100 ## $a19791101d1979 m y0pora0103 ba
101 1# $apor$cspa
102 ## $aPT
200 1# $aJacinta Marto$fMaria Lumi$gtrad. Vicente Codina
205 ## $a1ª ed
210 #9 $aFátima$cSantuário,$d1979
215 ## $a62 p.$cil.$d15 cm
304 ## $aTít. orig. : Jacinta Marto
600 #1 $aMarto,$bJacinta,$cSanta,$f1910-1920$j[Biografias]$2SIPOR$32000867
675 ## $a272-36Marto, Jacinta, Santa$vBN$zpor$31694987
675 ## $a92$vmed$zpor$3288142
700 #1 $aLumi,$bMaria,$cpseud.$326464
702 #1 $aCodina,$bVicente$4730$378376
801 #0 $aPT$bBN$gRPC
966 ## $lBN$mFGMON$sH.G. 33930 P.
974 ## $e0$d20260617$vrsimoes
998 ## $aFSE09 - 00474

Etiqueta de registo: 00502cam 02200205 04500
001 1732
003 http://id.bnportugal.gov.pt/bib/catbnp/1732
005 19981110180100.0
095 ## $aPTBN00001776
100 ## $a19790301d1978 km.y0pora0103 ba
101 0# $apor
102 ## $aPT
200 1# $aJacinta Marto$fMaria Lumi
205 ## $a9ª ed
210 #9 $aPorto$cSalesianas,$d1978
215 ## $a64 p.$cil.$d15 cm
600 #1 $aMarto,$bJacinta,$cSanta,$f1910-1920$j[Biografias]$2SIPOR$32000867
675 ## $a272-36Marto, Jacinta, Santa$vBN$zpor$31694987
700 #1 $aLumi,$bMaria,$cpseud.$326464
801 #0 $aPT$bBN$gRPC
966 ## $lBN$mFGMON$sR. 36809 P.
974 ## $e0$d20260617$vrsimoes
998 ## $aFSE04 - 00061

Etiqueta de registo: 00501cam 22001931 450
001 317943
003 http://id.bnportugal.gov.pt/bib/catbnp/317943
005 19981229000000.0
095 ## $aPTBN00333998
100 ## $a19571101d1957 m y0pora0103 ba
101 0# $apor
102 ## $aPT
200 1# $aJacinta Marto$fMaria Lumi
210 #9 $aPorto$cCentro das Edições Salesianas,$d1957
215 ## $a46, [1] p.$cil.$d14 cm
225 2# $aFlorinhas do Céu$v11
600 #1 $aMarto,$bJacinta,$cSanta,$f1910-1920$j[Biografias]$2SIPOR$32000867
675 ## $a272-36Marto, Jacinta, Santa$vBN$zpor$31694987
700 #1 $aLumi,$bMaria,$cpseud.$326464
801 #0 $aPT$bBN$gRPC
966 ## $lBN$mFGMON$sH.G. 29973 P.
973 ## $csteixeira$d20260617

Etiqueta de registo: 00000nam 2200025 450
001 2073673
003 http://id.bnportugal.gov.pt/bib/catbnp/2073673
010 ## $a978-989-673-789-4
021 ## $aPT$b483044/21
100 ## $a20210623d2021 m y0pory01030103ba
101 0# $apor
102 ## $aPT
105 ## $ay z 000yy
106 ## $ar
200 1# $aJacinta$e a pastorinha de Fátima$ebiografia de Santa Jacinta de Jesus Marto$fM. Fernando Silva
210 #9 $aPrior Velho$cPaulinas,$d2021
215 ## $a335 p.$d21 cm
600 #1 $aMarto,$bJacinta,$cSanta,$f1910-1920$j[Biografias]$2SIPOR$32000867
675 ## $a272-36Marto, Jacinta, Santa$vBN$zpor$31694987
700 #1 $aSilva,$bManuel Fernando de S. e,$f1932-$359910
801 #0 $aPT$bBN$gRPC
856 41 $uhttp://rnod.bnportugal.gov.pt/ImagesBN/winlibimg.aspx?skey=&doc=2073673&img=152571&save=true
900 ## $aBIBNAC$d20210812
966 ## $lBN$mFGMON$sR. 31224 V.$x1
966 ## $lBN$mFGMON$sR. 31224 V.-D$x1
972 ## $d20210812$e1$visantos
973 ## $csteixeira $d20210809
974 ## $e0$d20260617$vrsimoes

OpendataBNP@bnportugal.pt | Mais informação sobre acesso aos dados BNP